000 00588nam a22001817a 4500
003 BD-ChCU
005 20260407115554.0
008 260407b bg ||||| |||| 00| 0 ben d
040 _cBD-ChCU
082 _aREF 294 THE (14)
100 _aThomas , P.
_921289
245 _aEpics , myths and legends of India :
_ba comprehensive survey of the sacred lore of the Hindus ,Buddhists and Jains ./
_cP. Thomas .
250 _a14th ed.
260 _aBombay :
_bD.B. Taraporevala
_cC 1980
300 _axi , 152p.
650 0 _aBuddhism . Hinduism . Mythology .
_921294
942 _2ddc
_cBK
_n0
999 _c112109
_d112109